Central Library OPAC University of Rajshahi

Water supply and purification / (Record no. 52652)

MARC details
000 -LEADER
fixed length control field 00801nam a2200265 a 4500
001 - CONTROL NUMBER
control field 52652
003 - CONTROL NUMBER IDENTIFIER
rucl marc code BD-RjUL
005 - DATE AND TIME OF LATEST TRANSACTION
control field 20211209075835.0
008 - FIXED-LENGTH DATA ELEMENTS--GENERAL INFORMATION
fixed length control field 190223s1952 paua 000 0 eng
035 ## - SYSTEM CONTROL NUMBER
System control number (BD-RjUL)52772
System control number (OCoLC)2516905
040 ## - CATALOGING SOURCE
Original cataloging agency DLC
Transcribing agency O
Modifying agency OCoLC
-- DLC
-- BD-RjUL
Language of cataloging eng
041 ## - LANGUAGE CODE
Language code of text/sound track or separate title eng
082 ## - DEWEY DECIMAL CLASSIFICATION NUMBER
Edition number 23
Classification number 628.1
Author mark and year HAW 1952
100 1# - MAIN ENTRY--PERSONAL NAME
Personal name Hardenbergh, W. A.
Fuller form of name (William Andrew),
Dates associated with a name 1888-
9 (RLIN) 228490
245 10 - TITLE STATEMENT
Title Water supply and purification /
Statement of responsibility, etc. W. A. Hardenbergh.
250 ## - EDITION STATEMENT
Edition statement 3d ed.
260 ## - PUBLICATION, DISTRIBUTION, ETC. (IMPRINT)
Place of publication, distribution, etc. Scranton:
Name of publisher, distributor, etc. International Textbook Co.,
Date of publication, distribution, etc. 1952.
300 ## - PHYSICAL DESCRIPTION
Pagination 516 p.:
Illustrations illus.;
Size 22 cm.
490 0# - SERIES STATEMENT
Series statement International textbooks in civil engineering
650 #0 - SUBJECT ADDED ENTRY--TOPICAL TERM
Topical term or geographic name as entry element Water-supply engineering.
9 (RLIN) 228491
942 ## - ADDED ENTRY ELEMENTS (KOHA)
Source of classification or shelving scheme Dewey Decimal Classification
Koha item type Books
Holdings
Lost status Source of classification or shelving scheme Damaged status Not for loan Collection code Permanent Location Current Location Shelving location Date acquired Source of acquisition Total Checkouts Full call number Date last seen Copy number Koha item type
  Dewey Decimal Classification   Not For Loan Non-fiction Central Library, University of Rajshahi Central Library, University of Rajshahi   27/02/1958 U.S.I.S. Dhaka   628.1 HAW 1952 23/02/2019 C-1 Books